Normal view MARC view

Entry Término temático

Number of records used in: 1

001 - NÚMERO DE CONTROL

  • campo de control: 21495

003 - IDENTIFICADOR DEL NÚMERO DE CONTROL

  • campo de control: FranzMayer

005 - FECHA Y HORA DE LA ÚLTIMA TRANSACCIÓN

  • campo de control: 20190320210335.0

008 - DATOS DE LONGITUD FIJA

  • campo de control de longitud fija: 190320|| aca||aabn | a|a d

040 ## - FUENTE DE LA CATALOGACIÓN

  • Centro catalogador/agencia de origen: FranzMayer
  • Centro/agencia transcriptor: FranzMayer

150 ## - ENCABEZAMIENTO--TÉRMINO DE MATERIA

  • Término de materia o nombre geográfico como elemento de entrada: Iglesia católica
  • : Liturgia
  • Subdivisión de forma: textos

670 ## - FUENTE DE DATOS ENCONTRADOS

  • Cita de la fuente: Work cat.: (FranzMayer): Clementis Papae X 21494, Breve ss.mi d. n. Clementis Papae X. confirmationis & nouae concessionis indulgentiarum &c. pro archiconfraternitate cincturatorum & cincturatarum nuncupata S. Augustini & Sanctae Monicae sub inuocatione beatae virginis mariae de consolatione bononiae erecta in ecclesia S. Iacobi, 1675